LEADER 01459oam 2200469 450 001 9910716969303321 005 20211220165245.0 035 $a(CKB)5470000002526501 035 $a(OCoLC)1282622409 035 $a(EXLCZ)995470000002526501 100 $a20211104d1985 ua 0 101 0 $aeng 135 $aur||||||||||| 181 $ctxt$2rdacontent 182 $cc$2rdamedia 183 $acr$2rdacarrier 200 10$aColumbia Glacier in 1984 $edisintegration underway /$fby M.F. Meier, L.A. Rasmussen, and D.S. Miller 210 1$aTacoma, WA :$cUnited States Department of the Interior, Geological Survey,$d1985. 215 $a1 online resource (17 pages) $cillustrations, one map 225 1 $aOpen-file report ;$v85-81 300 $a"1985." 320 $aIncludes bibliographical references (page 6). 517 $aColumbia Glacier in 1984 606 $aGlaciers$zAlaska 606 $aGlaciers$2fast 607 $aColumbia Glacier (Alaska) 607 $aAlaska$2fast 607 $aAlaska$zColumbia Glacier$2fast 615 0$aGlaciers 615 7$aGlaciers. 700 $aMeier$b Mark F.$f1925-2012,$01391208 702 $aRasmussen$b L. A. 702 $aMiller$b D. S$g(David S.), 712 02$aGeological Survey (U.S.), 801 0$bGPO 801 1$bGPO 801 2$bOCLCF 801 2$bGPO 906 $aBOOK 912 $a9910716969303321 996 $aColumbia Glacier in 1984$93513040 997 $aUNINA LEADER 01240nas a2200301 i 4500 001 991002996659707536 005 20240129152452.0 008 071105c19869999gw mr p 0 a ger d 022 0 $a0179-1990 035 $ab13613728-39ule_inst 040 $aDip.to Studi Giuridici$bita 082 0 $a681.3 245 00$aComputer und Recht :$bForum für die Praxis des Rechts der Datenverarbeitung, Kommunikation und Automation 246 03$aCR 246 03$aCuR. Computer und Recht 260 $aKöln :$bO. Schmidt,$c1986- 500 $aVaria il complemento del titolo 500 $aCod. CNR: PT01086174 592 $aLE027 2007-2009; 907 $a.b13613728$b02-04-14$c05-11-07 912 $a991002996659707536 945 $aLE027$c2007$g1$iLE027-23097$lle027$on$pE406.40$q-$rn$so$t18$u0$v0$w0$x0$y.i14594821$z05-11-07 945 $aLE027$g1$lle027$op$pE0.00$q-$rn$so$t18$u0$v0$w0$x0$y.i14594833$z05-11-07 945 $aLE027$c2008$g1$iLE027-24536$lle027$on$pE368.00$q-$rn$so$t18$u0$v0$w0$x0$y.i1469928x$z19-03-08 945 $aLE027$c2009$g1$iLE027-27250$lle027$on$pE389.34$q-$rn$so$t18$u0$v0$w0$x0$y.i14956858$z21-04-09 996 $aComputer und Recht$91216572 997 $aUNISALENTO 998 $ale027$b05-11-07$cs$da$e-$fger$ggw$h0$i0 LEADER 01794nam0 22003973i 450 001 PUV0255287 005 20251003044311.0 010 $a1555581455 100 $a20071211d1995 ||||0itac50 ba 101 | $aeng 102 $aus 181 1$6z01$ai $bxxxe 182 1$6z01$an 200 1 $aAlpha AXP architecture reference manual$fRichard L. Sites, Richard T. Witek 205 $a2. ed.$fcontributing authors, Wayne Cardoza 210 $aBoston$c$cDigital Press$dc1995 215 $a1 v. (paginazione varia)$d25 cm. 606 $aMicroprocessori$2FIR$3CFIC027016$9E 606 $aMicroelaboratori$xStruttura$2FIR$3NAPC221476$9I 676 $a004.2$9ANALISI E PROGETTAZIONE DEI SISTEMI, ARCHITETTURA DEGLI ELABORATORI, VALUTAZIONE DELLE PRESTAZIONI$v14 676 $a004.2565$9ANALISI E PROGETTAZIONE DEI SISTEMI, ARCHITETTURA DEGLI ELABORATORI, VALUTAZIONE DELLE PRESTAZIONI. Architettura di specifici microelaboratori$v22 696 $aMicroelaboratori elettronici$aPersonal computer$aPC 699 $aMicroelaboratori$zMicroelaboratori elettronici 699 $aMicroelaboratori$yPersonal computer 699 $aMicroelaboratori$yPC 700 1$aSites$b, Richard L.$3TSAV000370$4070$0771414 701 1$aWitek$b, Richard T.$3PUVV144515$4070$0771415 702 1$aCardoza$b, Wayne M.$3PUVV144516 801 3$aIT$bIT-000000$c20071211 850 $aIT-BN0095 901 $bNAP 01$cSALA DING $n$ 912 $aPUV0255287 950 0$aBiblioteca Centralizzata di Ateneo$b1 v.$c1 v.$d 01SALA DING 004.2 SIT.al$e 0102 0000031805 VMA A4 1 v.$fY $h20071211$i20071211 977 $a 01 996 $aAlpha AXP architecture reference manual$91574142 997 $aUNISANNIO